000 00348nam a2200133Ia 4500
008 240624s9999 xx 000 0 und d
041 _aeng
082 _a519.5 CAR
100 _aCARMINES EDWARD G
245 _aRELIABILITY AND VALIDITY ASSESSMENT
260 _c1979
_aNew Delhi
_bSage Publications
300 _a71 : p. : cm. ; 21
365 _cBPS
_b30
999 _c8556
_d8556